Normal view
MARC view
- حقي، وفائي/ صلاح يحياوي واخرون
Entry Personal Name
001 - CONTROL NUMBER
- control field: 40301
003 - CONTROL NUMBER IDENTIFIER
- control field: JO-AjAnu
005 - DATE AND TIME OF LATEST TRANSACTION
- control field: 20230606080708.0
008 - FIXED-LENGTH DATA ELEMENTS
- fixed length control field: 230606|| aca||aabn | a|a d
040 ## - CATALOGING SOURCE
- Original cataloging agency: JO-AjAnu
- Transcribing agency: JO-AjAnu
100 ## - HEADING--PERSONAL NAME
- Personal name: حقي، وفائي/ صلاح يحياوي واخرون
670 ## - SOURCE DATA FOUND
- Source citation: Work cat.: (JO-AjAnu)20659: حقي، وفائي/ صلاح يحياوي واخرون , author, التحريك الكيماوي: الديناميك الكيماوي